Prístupy k hodnoteniu reputácie v digitálnom prostredí

Reputácia podniku v digitálnom prostredí – online reputácia. Analýza sentimentu ako metóda, ktorá hodnotí obsah textu, pričom určuje postoj komentátora alebo zapisovateľa vyjadrený v danom texte. Podstata analýzy sentimentu - poskytnúť obraz o spoločnosti na základe výsledkov vo vyhľadávačoch. Multi...

Descrizione completa

Salvato in:
Dettagli Bibliografici
Autore principale: Hojdik, Vladimír, 1992-
Altri autori: Majtán, Štefan
Natura: Capitolo di libro
Lingua:slovacco
Soggetti:
Tags: Aggiungi Tag
Nessun Tag, puoi essere il primo ad aggiungerne!!

MARC

LEADER 00000naa$a2200000$$$4500
001 0260885
005 20240502074134.4
041 0 |a slo 
044 |a SK 
245 1 0 |a Prístupy k hodnoteniu reputácie v digitálnom prostredí  |c Vladimír Hojdik, Štefan Majtán 
520 |a Reputácia podniku v digitálnom prostredí – online reputácia. Analýza sentimentu ako metóda, ktorá hodnotí obsah textu, pričom určuje postoj komentátora alebo zapisovateľa vyjadrený v danom texte. Podstata analýzy sentimentu - poskytnúť obraz o spoločnosti na základe výsledkov vo vyhľadávačoch. Multifaktorová analýza sentimentu. Iné prístupy k meraniu reputácie v digitálnom prostredí: fuzzy koncept, ReGreT model, systém Net Promoter Score a ďalšie. 
610 2 0 |a podnik 
610 2 0 |a reputácia podniku 
610 2 0 |a internet 
610 2 0 |a komunikácia elektronická 
610 2 0 |a analýzy 
100 1 |a Hojdik, Vladimír, 1992- 
700 1 |a Majtán, Štefan